000 00221nam a2200097Ia 4500
008 170619s9999 xx 000 0 und d
100 _aSastry S S
245 0 _aEngg. Mathemathematics
260 _bNew Delhi: PHI
260 _c2001
546 _aENGLISH
999 _c16043
_d16043